Geometry for dummies, portable edition
The concise and portable edition of the classic Dummies title, Geometry. An excellent resource for anyone taking geometry for the first time, or with math phobia.
Enregistré dans:
| Auteur principal: | |
|---|---|
| Format: | Livre |
| Langue: | Undetermined |
| Publié: |
Indianapolis, IN
Wiley Pub.
2006
|
| Sujets: | |
| Tags: |
Ajouter un tag
Pas de tags, Soyez le premier à ajouter un tag!
|
| Thư viện lưu trữ: | Trung tâm Học liệu Trường Đại học Cần Thơ |
|---|
| LEADER | 00689nam a2200205Ia 4500 | ||
|---|---|---|---|
| 001 | CTU_165899 | ||
| 008 | 210402s9999 xx 000 0 und d | ||
| 020 | |c 0.93 | ||
| 082 | |a 516 | ||
| 082 | |b A763 | ||
| 100 | |a Arnone, Wendy | ||
| 245 | 0 | |a Geometry for dummies, portable edition | |
| 245 | 0 | |c Wendy Arnone | |
| 260 | |a Indianapolis, IN | ||
| 260 | |b Wiley Pub. | ||
| 260 | |c 2006 | ||
| 520 | |a The concise and portable edition of the classic Dummies title, Geometry. An excellent resource for anyone taking geometry for the first time, or with math phobia. | ||
| 650 | |a Geometry,Hình học | ||
| 904 | |i Trọng Hải | ||
| 980 | |a Trung tâm Học liệu Trường Đại học Cần Thơ | ||